Wszystkie wsie w powiecie Opoczyńskim - Statystyki

Ogólne statystyki
  • Ten quiz został rozwiązany 5 razy
  • Średni wynik to 65 z 218
Statystyki odpowiedzi
Gmina Wieś % Poprawnych
Opoczno | Żarnów Antoniów
67%
Drzewica Brzustowiec
67%
Drzewica | Paradyż | Sławno Dąbrówka
67%
Drzewica Domaszno
67%
Drzewica Idzikowice
67%
Drzewica Jelnia
67%
Sławno Kozenin
67%
Opoczno Libiszów
67%
Drzewica Radzice Duże
67%
Opoczno Różanna
67%
Drzewica Strzyżów
67%
Drzewica Werówka
67%
Opoczno | Paradyż | Żarnów Adamów
33%
Żarnów Afryka
33%
Paradyż Alfonsów
33%
Poświętne Anielin
33%
Sławno Antoninów
33%
Sławno Antoniówka
33%
Drzewica Augustów
33%
Opoczno Bielowice
33%
Mniszków Błogie Rządowe
33%
Mniszków Błogie Szlacheckie
33%
Sławno Bratków
33%
Żarnów Bronów
33%
Opoczno Brzuśnia
33%
Opoczno Brzustówek
33%
Opoczno Brzustówek-Kolonia
33%
Drzewica Brzuza
33%
Żarnów Budków
33%
Opoczno Bukowiec Opoczyński
33%
Sławno Celestynów
33%
Żarnów Chełsty
33%
Żarnów Dąbie
33%
Sławno Dąbrowa
33%
Poświętne Dęba
33%
Paradyż Dorobna Wola
33%
Mniszków Duży Potok
33%
Paradyż Feliksów
33%
Sławno Gawrony
33%
Drzewica Giełzów
33%
Mniszków Góry Trzebiatowskie
33%
Mniszków Grabowa
33%
Sławno Grążowice
33%
Żarnów Grębenice
33%
Sławno Grudzeń-Kolonia
33%
Sławno Grudzeń-Las
33%
Paradyż Grzymałów
33%
Mniszków Holendry Grabowskie
33%
Paradyż Honoratów
33%
Opoczno Janów Karwicki
33%
Opoczno Januszewice
33%
Żarnów Jasion
33%
Mniszków Jawor
33%
Mniszków Jawor-Kolonia
33%
Sławno Józefów
33%
Mniszków Julianów
33%
Sławno Kamień
33%
Żarnów Kamieniec
33%
Sławno Kamilówka
33%
Opoczno Karwice
33%
Opoczno Kliny
33%
Mniszków Konstantynów
33%
Opoczno Kraszków
33%
Opoczno Kruszewiec
33%
Opoczno Kruszewiec-Kolonia
33%
Drzewica Krzczonów
33%
Sławno Kunice
33%
Białaczów Kuraszków
33%
Żarnów Ławki
33%
Opoczno Libiszów-Kolonia
33%
Sławno Ludwinów
33%
Mniszków Małe Końskie
33%
Żarnów Malenie
33%
Żarnów Malków
33%
Żarnów Marcinków
33%
Mniszków Marianka
33%
Białaczów Miedzna Drewniana
33%
Żarnów Miedzna Murowana
33%
Opoczno Międzybórz
33%
Mniszków Mikułowice
33%
Mniszków Mniszków
33%
Opoczno Modrzew
33%
Opoczno Modrzewek
33%
Opoczno Mroczków Duży
33%
Opoczno Mroczków Gościnny
33%
Żarnów Myślibórz
33%
Żarnów Nadole
33%
Żarnów Niemojowice
33%
Żarnów Nowa Góra
33%
Mniszków Nowe Błogie
33%
Mniszków Obarzanków-Strugi
33%
Mniszków Olimpiów
33%
Sławno Olszewice
33%
Sławno Olszowiec
33%
Białaczów Ossa
33%
Opoczno Ostrów
33%
Sławno Ostrożna
33%
Sławno Owadów
33%
Mniszków Owczary
33%
Paradyż Paradyż
33%
Białaczów Parczów
33%
Białaczów Parczówek
33%
Białaczów Petrykozy
33%
Żarnów Pilichowice
33%
Sławno Popławy
33%
Żarnów Poręba
33%
Mniszków Prucheńsko Duże
33%
Mniszków Prucheńsko Małe
33%
Paradyż Przyłęk
33%
Sławno Psary
33%
Mniszków Radonia
33%
Białaczów Radwan
33%
Żarnów Ruszenice
33%
Żarnów Ruszenice-Kolonia
33%
Białaczów Sędów
33%
Sławno Sepno-Radonia
33%
Opoczno | Żarnów Sielec
33%
Opoczno Sitowa
33%
Żarnów Skórkowice
33%
Białaczów Skronina
33%
Żarnów Skumros
33%
Sławno Sławno
33%
Sławno Sławno-Kolonia
33%
Opoczno Sobawiny
33%
Białaczów Sobień
33%
Żarnów Soczówki
33%
Paradyż Sokołów
33%
Paradyż Solec
33%
Opoczno Sołek
33%
Paradyż Stasin
33%
Paradyż Stawowice
33%
Paradyż Stawowiczki
33%
Mniszków Stoczki
33%
Mniszków Stok
33%
Żarnów Straszowa Wola
33%
Mniszków Strzelce
33%
Opoczno Stużno
33%
Opoczno Stużno-Kolonia
33%
Mniszków Świeciechów
33%
Drzewica Świerczyna
33%
Mniszków Syski
33%
Sławno Szadkowice
33%
Żarnów Tomaszów
33%
Sławno Tomaszówek
33%
Żarnów Topolice
33%
Sławno Trojanów
33%
Żarnów Trojanowice
33%
Drzewica Trzebina
33%
Sławno Unewel
33%
Białaczów Wąglany
33%
Żarnów Widuch
33%
Paradyż Wielka Wola
33%
Żarnów Wierzchowisko
33%
Sławno Wincentynów
33%
Paradyż Wójcin
33%
Paradyż Wójcin A
33%
Paradyż Wójcin B
33%
Opoczno Wola Załężna
33%
Opoczno Wólka Karwicka
33%
Opoczno Wólka Karwicka-Kolonia
33%
Mniszków Wydraków
33%
Opoczno | Sławno Wygnanów
33%
Sławno Zachorzów
33%
Sławno Zachorzów-Kolonia
33%
Mniszków Zajączków
33%
Drzewica Zakościele
33%
Białaczów Zakrzów
33%
Opoczno Zameczek
33%
Drzewica Żardki
33%
Mniszków Zarzęcin
33%
Żarnów Zdyszewice
33%
Drzewica Żdżary
33%
Białaczów Żelazowice
33%
Opoczno Ziębów
33%
Paradyż Bogusławy
0%
Poświętne Brudzewice
0%
Poświętne Brudzewice-Kolonia
0%
Poświętne Buczek
0%
Mniszków Bukowiec nad Pilicą
0%
Paradyż Daleszewice
0%
Poświętne Dęborzeczka
0%
Żarnów Dłużniewice
0%
Opoczno Dzielna
0%
Poświętne Gapinin
0%
Poświętne Gapinin-Kolonia
0%
Paradyż Irenów
0%
Paradyż Joaniów
0%
Paradyż Kazimierzów
0%
Żarnów Klew
0%
Żarnów Klew-Kolonia
0%
Poświętne Kozłowiec
0%
Paradyż Krasik
0%
Poświętne Małoszyce
0%
Paradyż Mariampol
0%
Żarnów Młynek
0%
Poświętne Mysiakowiec
0%
Opoczno Ogonowicw
0%
Żarnów Paszkowice
0%
Paradyż Podgaj
0%
Poświętne Ponikła
0%
Paradyż Popławy-Kolonia
0%
Poświętne Poręby
0%
Poświętne Poświętne
0%
Sławno Prymusowa Wola
0%
Drzewica Rodzice Małe
0%
Żarnów Siedlów
0%
Paradyż Stanisławów
0%
Poświętne Stefanów
0%
Poświętne Studzianna
0%
Paradyż Sylwerynów
0%
Poświętne Wólka Kuligowska
0%
Nie znaleziono quizów pasujących do podanych kryteriów
Rozkład punktacji
Procent ludzi z każdym wynikiem
Percentyl według liczby udzielonych odpowiedzi
Twoja historia wyników
Nie rozwiązałeś tego quizu